000 01058nam a2200265Ia 4500
003 OSt
005 20220923211137.0
006 a|||||r|||| 00| 0
007 ta
008 220922b |||||||| |||| 00| 0 hin d
020 _a8185999309 (hbk)
_c450
024 _a233,285
037 _b418, 28/02/2008, University Book House
_cTextual
040 _aARTS
_cARTS
_bhin
041 _2hin
_ahin
082 _aO142:g, 152P6
100 _aज्दानोव, ए. ए.; चौहान, कर्ण सिंह, संपा.
_9158692
245 0 _aसाहित्य, संगीत और दर्शन
246 _aSāhitya, sangīt aur darshana
260 _aदिल्ली
_b स्वराज प्रकाशन
_c2006
300 _a110पृ.
_ccm.
650 _aहिन्दी साहित्य
_9156264
942 _hO142:g, 152P6
_cTEXL
_2CC
999 _c295884
_d295884